000
00241 a2200097 4500
001
58774
100
_a
245
_a
Aviation Information Management; From documents to Data
260
_a
Great Britain
_b
Ashgate
_c
2002
090
_c
36086
_d
36086
942
_a
NUST-CAE
_c
_c
28987
999
_c
293847
_d
293847